Microbiología de Prescott, Harley y Klein

Bibliographic Details
Main Authors: Ochoa, Adriana de Teresa, Garrido, Romeo Tello
Format: Section = Libro
Language:Undetermined
Spanish
Published: México McGraw-Hill 2004
Edition:2a.ed
Subjects:
LEADER 00581nam a2200229Ia 4500
008 240830s9999 xx 000 0 und d
020 |a 970-10-4195-X 
040 |a B-ESTELÍ- RUACS / 576 W714 
041 |a spa 
082 |a 576 W714 
100 1 |a Ochoa, Adriana de Teresa  
100 1 |b  Garrido, Romeo Tello 
245 1 0 |a Microbiología de Prescott, Harley y Klein 
250 |a 2a.ed 
260 |a México  |b McGraw-Hill  |c 2004 
300 |a 320 p:il 
650 7 |a ORTOGRAFIA 
650 7 |b ACENTUACION 
650 7 |c  PUNTUACION 
942 |c BK  |2 ddc 
991 |a TEXTO 
999 |c 11098